Star Wars by letter - J - Statistics

General Stats
  • This quiz has been taken 32 times
  • The average score is 12 of 20
Answer Stats
Hint Answer % Correct
The most famous crime lord of Tatooine Jabba the Hutt
100%
One of the most famous gungans despite his clumsiness Jar Jar Binks
95%
Guardian of peace and justice during the Galactic Republic era Jedi
95%
Mandalorian bounty hunter who died in the arena of Geonosis when the Clone Wars started Jango Fett
91%
Little humanoid species native of Tatooine and completely hidden behind rough, hand-woven robes, they comb the deserts of the planet in their huge sand-scarred vehicles in search of droids or mechanical spare parts Jawas
86%
Body of twelve Force-sensitive Masters headquartered on Coruscant who adopted a leadership role in the Grand Army of the Republic during the Clone Wars Jedi Council
86%
Part school and part monastery during the time of the Republic, this building located on Coruscant became the Imperial Palace when the Emperor rose to power Jedi Temple
82%
Harsh desert planet home to thieves, outlaws, scavengers and refugees where the Empire made a last stand leading to a pitched battle between Rebel and Imperial fleets Jakku
77%
Daughter of a brilliant scientist who used to act alone but ultimately found higher purpose by taking on the most desperate mission for the Rebel Alliance Jyn Erso
77%
Small desert moon that serves as a holy site for pilgrims from across the galaxy who seek spiritual guidance Jedha
73%
Technique that Force-sensitive people use to take advantage of the weak-minded by implanting suggestions in their minds, encouraging them to comply Jedi Mind Trick
68%
Chief librarian and guardian of the Archives, she controlled access to the restricted contents of its Holocron vault at the time of the Republic Jocasta Nu
64%
A noble order of protectors unified by their ability to tap into the power of the Force Jedi Order
59%
X-Wing pilot at the battle of Yavin under the call sign Red 6, he died after a mechanical problem occurred on his ship and was annihilated by a Death Star turbolaser Jek Porkins
50%
Native of an oceanic moon, she led a band of warriors ready to charge against the forces of the First Order and took part on the last battle on the secret Sith World Jannah
32%
This collection of ancient tomes was assembled by Luke but became a burden and a torment to him until the moment he tried to burn them Jedi Texts
32%
Designed by the Empire to move cargo and prisoners across rough terrains on enormous wheels, this thick armored transport was inspired by the turbo tanks of the Clone Wars Juggernaut Transport Vehicle
23%
Elite squadron within the Imperial ranks outfitted with jetpacks who were trained to act in unison in order tho overwhelm their targets Jumptroopers
9%
Muddy planet covered with a hardened crust and largely forgotten by the Galaxy, it was an invaluable haven for the Hidden Path Jabiim
5%
Led by Venisa Doza, this team of esteemed pilots is among the most versatile Resistance cells Jade Squadron
5%
No matching quizzes found
Score Distribution
Percent of People with Each Score
Percentile by Number Answered
Your Score History
You have not taken this quiz